Detalles MARC
| 000 -LEADER |
| fixed length control field |
02511nam a2200553Ii 4500 |
| 001 - CONTROL NUMBER |
| control field |
DIGARTEP0050 |
| 003 - CONTROL NUMBER IDENTIFIER |
| control field |
NyNyDIG |
| 008 - FIXED-LENGTH DATA ELEMENTS--GENERAL INFORMATION |
| fixed length control field |
141001s2005 txu o 000 0deng d |
| 006 - FIXED-LENGTH DATA ELEMENTS--ADDITIONAL MATERIAL CHARACTERISTICS |
| fixed length control field |
m o d |
| 007 - PHYSICAL DESCRIPTION FIXED FIELD--GENERAL INFORMATION |
| fixed length control field |
cr ||||||||||| |
| 020 ## - INTERNATIONAL STANDARD BOOK NUMBER |
| International Standard Book Number |
9781611920444 |
| Qualifying information |
(eBook) |
| 020 ## - INTERNATIONAL STANDARD BOOK NUMBER |
| International Standard Book Number |
1611920442 |
| Qualifying information |
(eBook) |
| 020 ## - INTERNATIONAL STANDARD BOOK NUMBER |
| Canceled/invalid ISBN |
1558854533 |
| Qualifying information |
(pbk : |
| -- |
alk. paper) |
| 020 ## - INTERNATIONAL STANDARD BOOK NUMBER |
| Canceled/invalid ISBN |
9781558854536 |
| Qualifying information |
(pbk : |
| -- |
alk. paper) |
| 035 ## - SYSTEM CONTROL NUMBER |
| System control number |
(OCoLC)846496326 |
| 040 ## - CATALOGING SOURCE |
| Original cataloging agency |
DGITA |
| Language of cataloging |
eng |
| Description conventions |
rda |
| -- |
pn |
| Transcribing agency |
DGITA |
| 041 1# - LANGUAGE CODE |
| Language code of text/sound track or separate title |
eng |
| -- |
spa |
| Language code of original |
spa |
| 043 ## - GEOGRAPHIC AREA CODE |
| Geographic area code |
n-us--- |
| -- |
n-mx--- |
| 050 14 - LIBRARY OF CONGRESS CALL NUMBER |
| Classification number |
E165 eBook |
| 100 1# - MAIN ENTRY--PERSONAL NAME |
| Personal name |
Zavala, Lorenzo de, |
| Dates associated with a name |
1788-1836, |
| Relator term |
author. |
| 240 10 - UNIFORM TITLE |
| Uniform title |
Viaje a los Estados Unidos del Norte de America. |
| Language of a work |
English |
| 245 10 - TITLE STATEMENT |
| Title |
Journey to the United States of North America = |
| Remainder of title |
Viaje a los Estados Unidos del Norte de America / |
| Statement of responsibility, etc. |
Lorenzo de Zavala ; English translation by Wallace Woolsey ; edited, with an introduction by John-Michael Rivera. |
| 264 #1 - PRODUCTION, PUBLICATION, DISTRIBUTION, MANUFACTURE, AND COPYRIGHT NOTICE |
| Place of production, publication, distribution, manufacture |
Houston, Tex. : |
| Name of producer, publisher, distributor, manufacturer |
Arte Publico Press, |
| Date of production, publication, distribution, manufacture, or copyright notice |
2005. |
| 300 ## - PHYSICAL DESCRIPTION |
| Extent |
1 online resource (xxxiii, 392 pages) |
| 336 ## - CONTENT TYPE |
| Content type term |
text |
| Content type code |
txt |
| Source |
rdacontent |
| 337 ## - MEDIA TYPE |
| Media type term |
computer |
| Media type code |
c |
| Source |
rdamedia |
| 338 ## - CARRIER TYPE |
| Carrier type term |
online resource |
| Carrier type code |
cr |
| Source |
rdacarrier |
| 490 1# - SERIES STATEMENT |
| Series statement |
Recovering the U.S. Hispanic Literary Heritage. |
| 588 0# - SOURCE OF DESCRIPTION NOTE |
| Source of description note |
Online resource; title from ePub and PDF title page (Digitalia, viewed October 13, 2014) |
| 651 #0 - SUBJECT ADDED ENTRY--GEOGRAPHIC NAME |
| Geographic name |
United States |
| General subdivision |
Description and travel. |
| 651 #0 - SUBJECT ADDED ENTRY--GEOGRAPHIC NAME |
| Geographic name |
United States |
| General subdivision |
Politics and government |
| Chronological subdivision |
1815-1861. |
| 650 #0 - SUBJECT ADDED ENTRY--TOPICAL TERM |
| Topical term or geographic name entry element |
Political culture |
| Geographic subdivision |
United States |
| General subdivision |
History |
| Chronological subdivision |
19th century. |
| 600 10 - SUBJECT ADDED ENTRY--PERSONAL NAME |
| Personal name |
Zavala, Lorenzo de, |
| Dates associated with a name |
1788-1836 |
| General subdivision |
Travel |
| Geographic subdivision |
United States. |
| 650 #0 - SUBJECT ADDED ENTRY--TOPICAL TERM |
| Topical term or geographic name entry element |
Mexicans |
| Geographic subdivision |
United States |
| Form subdivision |
Biography. |
| 651 #0 - SUBJECT ADDED ENTRY--GEOGRAPHIC NAME |
| Geographic name |
United States |
| General subdivision |
Foreign public opinion, Mexican. |
| 650 #0 - SUBJECT ADDED ENTRY--TOPICAL TERM |
| Topical term or geographic name entry element |
Public opinion |
| Geographic subdivision |
Mexico. |
| 651 #0 - SUBJECT ADDED ENTRY--GEOGRAPHIC NAME |
| Geographic name |
United States |
| General subdivision |
Relations |
| Geographic subdivision |
Mexico. |
| 651 #0 - SUBJECT ADDED ENTRY--GEOGRAPHIC NAME |
| Geographic name |
Mexico |
| General subdivision |
Relations |
| Geographic subdivision |
United States. |
| 655 #0 - INDEX TERM--GENRE/FORM |
| Genre/form data or focus term |
Electronic books. |
| 700 1# - ADDED ENTRY--PERSONAL NAME |
| Personal name |
Woolsey, Wallace, |
| Relator term |
translator. |
| 700 1# - ADDED ENTRY--PERSONAL NAME |
| Personal name |
Rivera, John-Michael, |
| Dates associated with a name |
1969- |
| Relator term |
author of prologue |
| 791 2# - |
| -- |
Digitalia (Firm), |
| -- |
distributor. |
| 793 0# - |
| -- |
Digitalia eBook Collection: |
| -- |
Arte Público Press. |
| 776 08 - ADDITIONAL PHYSICAL FORM ENTRY |
| Relationship information |
Print version: |
| Main entry heading |
Zavala, Lorenzo de. |
| Title |
Journey to the United States of North America. |
| Place, publisher, and date of publication |
Houston, Texas : Arte Publico Press, c2005. |
| International Standard Book Number |
9781558854536 |
| Record control number |
(OCoLC)34745986 |
| 830 #0 - SERIES ADDED ENTRY--UNIFORM TITLE |
| Uniform title |
Recovering the U.S. Hispanic Literary Heritage Project publication. |
| 856 40 - ELECTRONIC LOCATION AND ACCESS |
| Materials specified |
Digitalia Hispánica |
| Uniform Resource Identifier |
<a href="https://www.digitaliapublishing.com/a/23243/">https://www.digitaliapublishing.com/a/23243/</a> |
| 910 ## - USER-OPTION DATA (OCLC) |
| User-option data |
Premium Collection: 2014 |
| 942 ## - ADDED ENTRY ELEMENTS (KOHA) |
| Koha item type |
Recurso Electrónico |